|
|
|
|
| LEADER |
00000cam a2200000 7i4500 |
| 001 |
0000003435 |
| 005 |
20060320.0 |
| 020 |
0 |
0 |
|a 9678916444
|
| 090 |
0 |
0 |
|a 346.04675595
|b FOR
|
| 245 |
0 |
0 |
|a Forest related laws :
|b Vol. 3
|
| 260 |
0 |
0 |
|a Kuala Lumpyr :
|b International Law Book Services ,
|c 2005
|
| 300 |
|
|
|a 155 p. ;
|c 24 cm.
|
| 440 |
0 |
0 |
|a Undang-undang Malaysia
|
| 650 |
0 |
0 |
|a Forestry law and legislation
|z Malaysia
|
| 710 |
1 |
1 |
|a MALAYSIA ,
|c Jabatan Perhutanan Semenanjung Malaysia
|
| 998 |
|
|
|a JPSM
|
| 999 |
|
|
|a 0000006523
|b Monograph
|c Acts
|e Default branch
|
| 999 |
|
|
|a 0000006524
|b Monograph
|c Acts
|e Default branch
|
| 999 |
|
|
|a 0000006525
|b Monograph
|c Acts
|e Default branch
|
| 999 |
|
|
|a 0000006526
|b Monograph
|c Acts
|e Default branch
|
| 999 |
|
|
|a 0000006527
|b Monograph
|c Acts
|e Default branch
|